000 00653nam a2200181Ia 4500
008 100920s9999 xx 000 0 und d
082 _b93313
_a--- न 05
100 _aभट रविंद्र.
245 _aहेचि दान देगा देवा.
260 _bइंद्रायणी साहित्य प्रकाशन ,पुणे 30.
_c2005
300 _a314
_bसाधी
365 _b160
520 _aकादंबरी.
630 _aहेचि दान देगा देवा.
650 _aकादंबरी.
730 _aहेचि दान देगा देवा.
942 _cBOOK
999 _c733756
_d733753